000 00458nam a2200193Ia 4500
005 20250425161339.0
008 250425s9999 xx 000 0 und d
020 _a8471561816
041 _aspa
082 _a923.6866
100 _aRUMAZO GONZALEZ, ALFONSO
245 0 _aMANUELA SAENZ LA LIBERTADORA DEL LIBERTADOR
250 _a10A ED.
260 _aEspaƱa
_bEDIME
_c1974
260 _aMADRID
300 _a241
942 _c01
010 _a18264
999 _c207409
_d207409